Biggest Cities In Europe Starting with P - Statistics

General Stats
  • This quiz has been taken 54 times
    30 since last reset
  • The average score is 8 of 20
Answer Stats
Population Country Answer % Correct
2,152,000 France Paris
92%
273,000 Portugal Porto
92%
689,000 Italy Palermo
81%
1,193,000 Czech Republic Prague
73%
190,000 United Kingdom Portsmouth
65%
256,000 United Kingdom Plymouth
58%
578,000 Poland Poznan
50%
1,014,000 Russia Perm
42%
342,000 Bulgaria Plovdiv
42%
168,000 Czech Republic Plzen
42%
301,000 Spain Palma de Mallorca
38%
213,000 Italy Padova
35%
528,000 Russia Penza
15%
282,000 Russia Petrozavodsk
12%
182,000 Greece Piraeus
12%
187,000 Romania Pitesti
12%
251,000 Romania Ploiesti
12%
313,000 Ukraine Poltava
12%
202,000 Russia Pskov
12%
194,000 Russia Podolsk
8%
No matching quizzes found
Score Distribution
Percent of People with Each Score
Percentile by Number Answered
Your Score History
You have not taken this quiz since the last reset